Stabilization, Tracking and Formation Control of Autonomous Marine Vessels (Record no. 12633)

000 -LEADER
fixed length control field 03517nam a22005295i 4500
001 - CONTROL NUMBER
control field 978-981-16-8109-7
003 - CONTROL NUMBER IDENTIFIER
control field DE-He213
005 - DATE AND TIME OF LATEST TRANSACTION
control field 20250103112323.0
007 - PHYSICAL DESCRIPTION FIXED FIELD--GENERAL INFORMATION
fixed length control field cr nn 008mamaa
008 - FIXED-LENGTH DATA ELEMENTS--GENERAL INFORMATION
fixed length control field 211215s2022 si | s |||| 0|eng d
020 ## - INTERNATIONAL STANDARD BOOK NUMBER
International Standard Book Number 9789811681097
-- 978-981-16-8109-7
024 ## - OTHER STANDARD IDENTIFIER
Standard number or code 10.1007/978-981-16-8109-7
Source of number or code doi
050 ## - LIBRARY OF CONGRESS CALL NUMBER
Classification number TJ1-1570
072 ## - SUBJECT CATEGORY CODE
Subject category code TRL
Source bicssc
072 ## - SUBJECT CATEGORY CODE
Subject category code TRA006000
Source bisacsh
072 ## - SUBJECT CATEGORY CODE
Subject category code TRL
Source thema
082 ## - DEWEY DECIMAL CLASSIFICATION NUMBER
Classification number 623.8
Edition number 23
100 ## - MAIN ENTRY--PERSONAL NAME
Personal name Guo, Ge.
Relator term author.
Relationship aut
-- http://id.loc.gov/vocabulary/relators/aut
245 ## - TITLE STATEMENT
Title Stabilization, Tracking and Formation Control of Autonomous Marine Vessels
Medium [electronic resource] /
Statement of responsibility, etc. by Ge Guo, Zhenyu Gao, Pengfei Zhang.
250 ## - EDITION STATEMENT
Edition statement 1st ed. 2022.
260 ## - PUBLICATION, DISTRIBUTION, ETC.
Place of publication, distribution, etc. Singapore :
Name of publisher, distributor, etc. Springer Nature Singapore :
-- Imprint: Springer,
Date of publication, distribution, etc. 2022.
300 ## - PHYSICAL DESCRIPTION
Extent XIV, 238 p. 97 illus., 87 illus. in color.
Other physical details online resource.
336 ## - CONTENT TYPE
Content type term text
Content type code txt
Source rdacontent
337 ## - MEDIA TYPE
Media type term computer
Media type code c
Source rdamedia
338 ## - CARRIER TYPE
Carrier type term online resource
Carrier type code cr
Source rdacarrier
347 ## - DIGITAL FILE CHARACTERISTICS
File type text file
Encoding format PDF
Source rda
505 ## - FORMATTED CONTENTS NOTE
Formatted contents note Fixed -- Asymptotic Stabilization of AMVs with Actuator Dead -- Zones and Yaw Constraints -- Stabilization of AMVs Under Mismatched Condition -- Command Filtered Path Tracking Control of AMVs -- Command-filtered Fixed-time Trajectory Tracking Control of AMVs -- Adaptive Formation Control of Autonomous Marine Vessels with Model Uncertainties -- Command Filtered Finite-time Formation Tracking Control of AMVs with Unknown Control Directions -- Velocity Free Leader -- Follower Formation Control for AMVs with LOS Range and Angle Constraints -- Prescribed-time Formation Control of AMVs with Asymmetric Constraints on LOS Range and Bearing Angles -- Adaptive Fixed-time Formation Control of AMVs without Velocity Measurement.
520 ## - SUMMARY, ETC.
Summary, etc. This book focuses on autonomous marine vessel systems and control approaches. In particular, it mainly contains modeling, analysis and control design methodologies for covert stabilization control, trajectory tracking control, and cooperative formation control of AMVs. The comprehensive and systematic treatment of practical issues in autonomous marine vessel systems is one of the book’s significant features, particularly suited for readers interested in learning control problems in AMV and other related topic areas like mobile robots and vehicles. The book can benefit researchers, engineers, and graduate students in mathematical skills, methodologies, and algorithms needed in the analysis and control design for tracking and stabilization, cooperative control of surface vessels and underwater vehicles. Through the book, readers can have a deeper understanding of such fields.
650 ## - SUBJECT ADDED ENTRY--TOPICAL TERM
Topical term or geographic name entry element Marine engineering.
650 ## - SUBJECT ADDED ENTRY--TOPICAL TERM
Topical term or geographic name entry element Control engineering.
650 ## - SUBJECT ADDED ENTRY--TOPICAL TERM
Topical term or geographic name entry element Robotics.
650 ## - SUBJECT ADDED ENTRY--TOPICAL TERM
Topical term or geographic name entry element Automation.
650 ## - SUBJECT ADDED ENTRY--TOPICAL TERM
Topical term or geographic name entry element Marine Engineering.
650 ## - SUBJECT ADDED ENTRY--TOPICAL TERM
Topical term or geographic name entry element Control, Robotics, Automation.
700 ## - ADDED ENTRY--PERSONAL NAME
Personal name Gao, Zhenyu.
Relator term author.
Relationship aut
-- http://id.loc.gov/vocabulary/relators/aut
700 ## - ADDED ENTRY--PERSONAL NAME
Personal name Zhang, Pengfei.
Relator term author.
Relationship aut
-- http://id.loc.gov/vocabulary/relators/aut
710 ## - ADDED ENTRY--CORPORATE NAME
Corporate name or jurisdiction name as entry element SpringerLink (Online service)
773 ## - HOST ITEM ENTRY
Title Springer Nature eBook
776 ## - ADDITIONAL PHYSICAL FORM ENTRY
Relationship information Printed edition:
International Standard Book Number 9789811681080
776 ## - ADDITIONAL PHYSICAL FORM ENTRY
Relationship information Printed edition:
International Standard Book Number 9789811681103
776 ## - ADDITIONAL PHYSICAL FORM ENTRY
Relationship information Printed edition:
International Standard Book Number 9789811681110
856 ## - ELECTRONIC LOCATION AND ACCESS
Uniform Resource Identifier <a href="https://doi.org/10.1007/978-981-16-8109-7">https://doi.org/10.1007/978-981-16-8109-7</a>
912 ## -
-- ZDB-2-ENG
912 ## -
-- ZDB-2-SXE
Holdings
Withdrawn status Lost status Damaged status Not for loan Permanent Location Current Location Date acquired Date last seen Price effective from Koha item type
        IMU-MPC Library IMU-MPC Library 2025-01-03 2025-01-03 2025-01-03 E-Book
Copyright © 2021 Indian Maritime University, Mumbai Port Campus. All Rights Reserved. Managed & Maintained by Central Library, IMU-Mumbai

webs counters

Powered by Koha